000
00255nam a2200097Ia 4500
001
1070945
005
20250827002115.0
008
250824s9999 xx 000 0 und d
245
0
_a
ELEMENTLER SAYESİNDE YAŞIYORUZ
_c
ANJA ROYNE
260
_b
ORENDA YAYINLARI
999
_c
1070945
_d
1070945